| 000 | 01010cam a2200229 a 4500 | ||
|---|---|---|---|
| 001 | 82517 | ||
| 003 | BD-RjUL | ||
| 005 | 20231221122947.0 | ||
| 008 | 231221q19801984ua b 000 0 ara | ||
| 035 | _a(BD-RjUL)82517 | ||
| 040 |
_aDLC-R _cDLC-R _beng |
||
| 041 | _aara | ||
| 082 |
_223 _b1980 |
||
| 100 | 1 |
_aبيروني، محمد بن أحمد. ;; Bīrūnī, Muḥammad ibn Aḥmad, _d973?-1048. _910648 |
|
| 245 | 1 | 0 |
_aكتاب الجماهر في معرفة الجواهر / ;; Kitāb al-jamāhir fī maʻrifat al-jawāhir / _cتصنيف أبي الريحان محمد بن أحمد البيروني. ;; taṣnīf Abī al-Rayḥān Muḥammad ibn Aḥmad al-Bīrūnī. |
| 260 |
_aالقاهرة : al-Qāhirah : _bمكتبة المتنبي، ;; Maktabat al-Mutanabbī, _c1980 |
||
| 300 |
_a273, 51 p. ; _c25 cm. |
||
| 504 | _aIncludes bibliographical references. | ||
| 650 | 0 |
_aPrecious stones _xEarly works to 1800. _910649 |
|
| 650 | 0 |
_aMineralogy _xEarly works to 1800. _910650 |
|
| 942 |
_2ddc _cBK |
||
| 999 |
_c82517 _d82517 |
||